| 000 | 00440nam a2200181Ia 4500 | ||
|---|---|---|---|
| 003 | GCL | ||
| 008 | 140319s9999 xx 000 0 eng d | ||
| 040 |
_aGCL / _cGCL |
||
| 082 | 0 | 4 |
_aCH. _b823.083 _bP C |
| 100 | 1 | _aPATON, ALAN | |
| 245 | 1 | 0 |
_aCRY, MY BELOVED COUNTRY / _cPATON, ALAN |
| 260 |
_a[S.N] : _bLONGMAN ، _c1989 |
||
| 300 | _a115 P | ||
| 650 | 0 | 4 | _aCHILDREN |
| 650 | 0 | 4 | _aENGLISH LANGUAGE |
| 650 | 0 | 4 | _aTALES |
| 942 |
_2ddc _cBK |
||
| 999 |
_c18005 _d18005 |
||